Précurseurs et révoltés

Gorde:
Xehetasun bibliografikoak
Egile nagusia: Schuré, Edouard
Formatua: Liburua
Hizkuntza:Undetermined
Argitaratua: París, Francia Perrin 1904
Gaiak:
Etiketak: Etiketa erantsi
Etiketarik gabe, Izan zaitez lehena erregistro honi etiketa jartzen!

MARC

LEADER 00000nam a2200000Ia 4500
008 170316s9999 xx 000 0 und d
090 |a 100 S-28p 
100 |a Schuré, Edouard 
245 |a Précurseurs et révoltés 
260 |a París, Francia 
260 |b Perrin 
260 |c 1904 
300 |a 377 páginas 
650 |a FILOSOFÍA 
999 |c 17601  |d 17601 
040 |a cru BVZT 
942 |c 15 D  |h 100 S-28p  |2 z